000
00305nam a22001337a 4500
008
230418b ||||| |||| 00| 0 eng d
041
_a
eng
080
_2
1999
_a
61
082
_a
61
100
_a
4
101
_a
MJEKSI
245
_a
KLASIFIKIMI NDERKOMBETAR I BARNAVE ATC/DDD
_c
GASHI.Z
942
_2
udc
_c
BK
999
_c
59571
_d
59571